Marian devotion : (Record no. 7281)

MARC details
000 -LEADER
fixed length control field 00590nam a22001817a 4500
003 - CONTROL NUMBER IDENTIFIER
control field OSt
005 - DATE AND TIME OF LATEST TRANSACTION
control field 20260112053002.0
008 - FIXED-LENGTH DATA ELEMENTS--GENERAL INFORMATION
fixed length control field 260112b |||||||| |||| 00| 0 eng d
040 ## - CATALOGING SOURCE
Original cataloging agency DWCL-Main lib.
Transcribing agency OC
082 ## - DEWEY DECIMAL CLASSIFICATION NUMBER
Classification number SC. 232.91 Z18m 2006
100 ## - MAIN ENTRY--PERSONAL NAME
Personal name Zafe, Peter Vazquez
245 ## - TITLE STATEMENT
Title Marian devotion :
Remainder of title its role in the evangelization of the Philippines/
Statement of responsibility, etc. Peter Vazquez Zafe
260 ## - PUBLICATION, DISTRIBUTION, ETC.
Place of publication, distribution, etc. [S. l. : s. n.],
Date of publication, distribution, etc. c2006.
300 ## - PHYSICAL DESCRIPTION
Extent iii, 125 pages;
Dimensions 23 centimeters.
650 ## - SUBJECT ADDED ENTRY--TOPICAL TERM
Topical term or geographic name entry element 1. Evangelistic work.
650 ## - SUBJECT ADDED ENTRY--TOPICAL TERM
Topical term or geographic name entry element 2. Mary, Blessed Virgin, Saint-Devotion.
942 ## - ADDED ENTRY ELEMENTS (KOHA)
Source of classification or shelving scheme Dewey Decimal Classification
Koha item type Special Collection
Classification part SC.
Suppress in OPAC No
952 ## - LOCATION AND ITEM INFORMATION (KOHA)
--
952 ## - LOCATION AND ITEM INFORMATION (KOHA)
--
Holdings
Withdrawn status Lost status Source of classification or shelving scheme Damaged status Not for loan Home library Current library Shelving location Date acquired Source of acquisition Cost, normal purchase price Total Checkouts Full call number Barcode Date last seen Copy number Price effective from Koha item type Uniform Resource Identifier
    Dewey Decimal Classification     College Library College Library Special Collection 06/07/2007 Donation 0.00   SC. 232.91 Z18m 2006 CL44766 01/12/2026 c1 01/12/2026 SC
    Dewey Decimal Classification     College Library College Library Special Collection 06/07/2007 Donation 0.00   SC. 232.91 Z18m 2006 CL44767 01/12/2026 c2 01/12/2026 SC